000 00552nam a2200193 i 4500
001 85235
003 ES-MaACL
005 20230906175214.0
007 t|
008 041126s1929 sp |||| | spa d
080 _a343.919
100 1 _aJiménez de Asúa, Luis,
_d1889-1970
_966491
245 1 0 _aCrónica del crimen /
_cLuis Jiménez de Asúa.
260 _aMadrid :
_bHistoria Nueva,
_c1929 (
_fImp. Velasco)
300 _a272 p. ;
_c19 cm.
650 4 _aCrimen y criminales.
_911417
852 _aES-MaACL
_jB-3329
999 _c85235
_d85235